000 00619nam a22002057a 4500
005 20160808113012.0
010 _aENG-115659
020 _a9789351437093
_c895.00
035 _aEN-99191
037 _bDBAD/PUB
082 _a338.520954
100 _aVasan,M.S.
245 _aTransfer pricing audit practices in India /
_cby M.S. Vasan
250 _a2nd ed.
260 _aGurgaon
_bLexis Nexis
_c2016
270 _a14th Floor, Building No.10, Tower-B, DLF Cyber City, Phase-II
_bGurgaon
_e122002
300 _axIv,635p.
_c24(Hb)
500 _aIncludes index
942 _2ddc
_cEN
_mVAS
_h338.520954
999 _c101894
_d101894